00625nam a2200145 a 4500008004100000050001500041100001500056245002700071246008100098260003400179350000900213995010900222999001700331952013100348120416s9999 ||||||||||||||||| || u aGB 611 Gay aGaye, Sidy10aGlaciers of the desert aa report on the project de stabilisation et de fixation des dunes Mauritania aLondonbThe Panos Institutec a0.00 D0.00FCBU-MAIN LIBRARY (Kitwe)H1I0.00M1UAVAILABLEWFeb 22, 2007ZMain Library Open Access Collection c44592d44592 00102lcc4070a001b001cMain Library Open Access Collectiond2022-11-30l0oGB 611 Gayp023760r2022-11-30w2022-11-30y002